• 首页
  • 本馆介绍
  • 公告通知
  • 最新文献
  • 馆藏检索
  • 电子资源
  • 读者导购
  • 参考咨询
  • 我的图书馆
  • 登录
  • 详细信息显示
  • 放入我的书架
  • 预约/预借图书
  • 作者相关作品
  • 分类相关作品
  • 丛书相关作品
  • 出版社相关作品

书目信息

  • 表格格式
  • 工作单格式
  • 卡片格式
题名:
辽、金、西夏史
    
 
作者: 蔡美彪 , 吴天墀 著
分册:  
出版信息: 北京   中国盲文出版社  2015.12
页数: 188页
开本: 26cm
丛书名:
单 册:
中图分类: K246.09
科图分类:
主题词: 古代史--中国--辽金时代--通俗读物 , 古代史--中国--西夏--通俗读物
电子资源:
ISBN: 978-7-5002-6499-6
000 00953nam0 2200277 450
001 0102100416
005 20210402100820.0
010    @a978-7-5002-6499-6@dCNY22.00
100    @a20160222e20162015em y0chiy50 ea
101 0  @achi
102    @aCN@b110000
105    @aa z 000yy
106    @ar
200 1  @a辽、金、西夏史@Aliao、jin、xi xia shi@f蔡美彪, 吴天墀著
210    @a北京@c中国盲文出版社@d2015.12@h2016.03
215    @a188页@c图@d26cm
300    @a中国大百科全书名家文库
300    @a国家彩票公益金资助大字版
330    @a本书从政治、经济、文化等多个角度全面而简要地介绍了辽、金和西夏时期历史的各个方方面面,中间还穿插介绍了众多知名历史人物和历史知名事件。
606 0  @a古代史@y中国@z辽金时代@j通俗读物
606 0  @a古代史@y中国@z西夏@j通俗读物
690    @aK246.09@v5
701  0 @a蔡美彪@Acai mei biao@4著
701  0 @a吴天墀@Awu tian chi@f(1892-1974)@4著
801  0 @aCN@bBJSZM@c20210402
905    @b1275285-8@dK246.09@e31@f4
    
    辽、金、西夏史/蔡美彪, 吴天墀著.-北京:中国盲文出版社,2015.12(2016.03)
    188页:图;26cm
    中国大百科全书名家文库.-国家彩票公益金资助大字版
    
    ISBN 978-7-5002-6499-6:CNY22.00
    本书从政治、经济、文化等多个角度全面而简要地介绍了辽、金和西夏时期历史的各个方方面面,中间还穿插介绍了众多知名历史人物和历史知名事件。
●
相关链接 在E读中查询图书 在五车中查询图书 在当当中查询图书 在豆瓣中查询图书


正题名:辽、金、西夏史     索取号:K246.09/31         预约/预借

序号 登录号 条形码 馆藏地/架位号 状态 备注
1 1275285   212752859   第二样本阅览室/ [索取号:K246.09/31] 在馆    
2 1275286   212752868   教育系资料室/ [索取号:K246.09/31] 在馆    
3 1275287   212752877   教育系资料室/ [索取号:K246.09/31] 在馆    
4 1275288   212752886   第二借阅区/ [索取号:K246.09/31] 在馆    
唐山师范学院图书馆 欢迎您!
大连网信软件有限公司© 版权所有